| 000 | 01054naa a22002897a 4500 | ||
|---|---|---|---|
| 001 | BR8204192 | ||
| 003 | BR-BrBNA | ||
| 005 | 20240918175129.0 | ||
| 007 | ta | ||
| 008 | 230509b bl.||||| |||| 00| 0 por d | ||
| 040 |
_aBR-BrBNA _bpor _cBiblioteca Nacional de Agricultura |
||
| 041 | _a(Pt) | ||
| 072 |
_aF00 _b0170 _bG514 |
||
| 090 | _aF00 BR8204192 | ||
| 100 | 1 | _aAssuncao, M.V. | |
| 245 | 1 | _aEfeito de solucoes salinas na germinacao de duas cultivares de sorgo [Ceara, Brasil] | |
| 260 | 3 |
_aFortaleza, CE (Brasil): _c1982. |
|
| 500 | _aConvenio BNB/FCPC/UFC. Programa de pesquisa com a cultura do sorgo. Relatorio de pesquisa 1982 Fortaleza, CE (Brasil): 1982. p. 35-37 (BR8204192-AM)F00 | ||
| 650 | _aSORGO | ||
| 650 | _aSALINIZACAO | ||
| 650 | _aVARIEDADE | ||
| 650 | _aGERMINACAO | ||
| 650 | _aCEARA | ||
| 773 | 0 |
_tConvenio BNB/FCPC/UFC. Programa de pesquisa com a cultura do sorgo. Relatorio de pesquisa 1982 _wF00 BR8204192 _gFortaleza, CE (Brasil), 1982. p. 35-37 |
|
| 909 |
_a202404 _bLucia _c55 _dLucia Elande |
||
| 942 |
_cAM _2AGRIS |
||
| 999 |
_c315174 _d315174 |
||